Hexen Quiz - Statistiken

Allgemein
  • Dieses Quiz wurde 740 mal gespielt
  • Das Durchschnittsergebnis liegt bei 9 aus 18
Antwortstatistiken
Hint Antwort % Korrekt
Haushaltsgegenstand, den eine Hexe zum Fliegen benutzt Besen
100%
Schule für Hexerei und Zauberei die Hermine Granger besuchte Hogwarts
94%
Langhaarige Märchenheldin, die von einer Hexe in einem Turm gefangen gehalten wird Rapunzel
94%
Märchenheldin, die Opfer eines vergifteten Apfels einer Hexe wird Schneewittchen
92%
Dieses junge Mädchen und ihr Bruder trafen auf eine Hexe, die in einem Lebkuchenhaus lebte Hänsel und Gretel
84%
Zeichentrickfilm, dessen Bösewicht eine Meereshexe namens Ursula war Arielle
75%
Fiktives Land, in dem "Der Löwe, die Hexe und der Kleiderschrank" spielt Narnia
57%
Eine Gruppe von Hexen ist bekannt als ... Hexenzirkel
52%
Märchenheldin, gequält von einer Hexe namens Maleficent Dornröschen
50%
Fiktives Land, in dem die Böse Hexe des Westens lebte Oz
44%
Stadt in Massachusetts, die für ihre Hexenprozesse in den Jahren 1692-93 bekannt ist Salem
40%
Im Marvel-Universum ist Wanda Maximoff auch als die folgende Person bekannt: Scarlet Witch
38%
Film über junge Filmemacher, die sich auf die Suche nach einer Hexe im Wald machen. Dieses Videoband ist alles, was überlebt hat. The Blair Witch Project
35%
Shakespeare-Stück, in dem Hexen einen Kessel mit Zutaten kochen wie dem Molchauge MacBeth
22%
Zauberin, die im Reich von König Artur lebt Morgana
21%
Eine männliche Hexe wird als Zauberer oder manchmal auch mit einem anderen W-Wort bezeichnet (auf Englisch) Warlock
17%
Laut Monty Python erkennt man, ob jemand eine Hexe ist, wenn er das gleiche Gewicht wie eine ____ hat Ente
12%
Moderne heidnische Religion, die 1954 von einem britischen Beamten im Ruhestand gegründet wurde Wicca
10%
Keine übereinstimmenden Quizze gefunden
Verteilung der Resultate
Anzahl Personen mit jedem Resultat
Perzentil nach korrekt beantworteten Fragen
Ihre Resultats-Entwicklung
Sie haben dieses Quiz noch nicht gespielt